[Event "22nd European Teams"]
[Site "Batumi GEO"]
[Date "2019.10.28"]
[Round "5.11"]
[Board "2"]
[White "Petriashvili, Nikoloz"]
[Black "Nguyen, Thai Dai Van"]
[Result "1/2-1/2"]
[WhiteTitle "IM"]
[BlackTitle "GM"]
[WhiteElo "2441"]
[BlackElo "2545"]
[WhiteTeam "Georgia 2"]
[BlackTeam "Czech Republic"]
[WhiteFideId "13611216"]
[BlackFideId "358878"]
[EventDate "2019.10.24"]

1. c4 e6 2. Nf3 d5 3. d4 Nf6 4. Nc3 Bb4 5. Qa4+ Nc6 6. e3 O-O 7. Bd2 dxc4 8.
Bxc4 Bd6 9. Nb5 Bd7 10. Nxd6 cxd6 11. Qa3 Ne4 12. d5 Ne5 13. Nxe5 Nxd2 14. Qxd6
Nxc4 15. Nxc4 Bb5 16. Qxd8 Rfxd8 17. Na3 Rxd5 18. Nxb5 Rxb5 19. O-O-O Rc5+ 20.
Kb1 Rc7 21. Rc1 Rac8 22. Rhd1 Rxc1+ 23. Rxc1 Rxc1+ 24. Kxc1 Kf8 25. Kc2 Ke7 26.
Kd3 Kd6 27. Kd4 e5+ 28. Kc4 Kc6 29. a4 b6 30. e4 a6 31. g3 f6 32. h4 h5 33. Kb4
g5 34. f3 Kd6 35. Kc4 Kc6 36. Kb4 Kd6 37. Kc4 1/2-1/2

[Event "22nd European Teams"]
[Site "Batumi GEO"]
[Date "2019.10.28"]
[Round "5.11"]
[Board "3"]
[White "Stocek, Jiri"]
[Black "Kacharava, Nikolozi"]
[Result "1-0"]
[WhiteTitle "GM"]
[BlackTitle "FM"]
[WhiteElo "2569"]
[BlackElo "2428"]
[WhiteTeam "Czech Republic"]
[BlackTeam "Georgia 2"]
[WhiteFideId "304760"]
[BlackFideId "13611860"]
[EventDate "2019.10.24"]

1. d4 d5 2. Nf3 Nf6 3. Bg5 h6 4. Bh4 Bf5 5. c4 c6 6. cxd5 cxd5 7. Bxf6 gxf6 8.
Nc3 e6 9. e3 Nc6 10. Bd3 Bxd3 11. Qxd3 Qd7 12. O-O O-O-O 13. Rfd1 f5 14. Rac1
Kb8 15. Na4 f6 16. Nc5 Bxc5 17. Rxc5 Rdg8 18. Rdc1 Rg4 19. h3 Rg7 20. Nh4 Rhg8
21. Kf1 Qd6 22. Qb5 Ka8 23. g3 Rd8 24. R1c3 Rc7 25. Qa4 Rdc8 26. Rc1 b6 27. R5c3
Kb7 28. Kg2 Qe7 29. a3 Qd7 30. Nf3 Qd6 31. b4 Qe7 32. Qd1 Nb8 33. Rxc7+ Rxc7 34.
Nd2 Qd7 35. Nb3 Rc4 36. Rb1 Qc7 37. b5 Ka8 38. a4 Rb4 39. Rc1 Rc4 40. Ra1 Rb4
41. Nc1 a5 42. bxa6 Nxa6 43. Nd3 Rc4 44. Qh5 Rc3 45. Nf4 e5 46. Nxd5 Qb7 47. Qf3
Rb3 48. Rd1 Nb4 49. dxe5 fxe5 50. Nxb6+ Kb8 51. Rd8+ Ka7 52. Nc8+ Ka6 53. Rd6+ 1-0

[Event "22nd European Teams"]
[Site "Batumi GEO"]
[Date "2019.10.28"]
[Round "5.11"]
[Board "4"]
[White "Oboladze, Luka"]
[Black "Michalik, Peter"]
[Result "1/2-1/2"]
[WhiteTitle "FM"]
[BlackTitle "GM"]
[WhiteElo "2336"]
[BlackElo "2578"]
[WhiteTeam "Georgia 2"]
[BlackTeam "Czech Republic"]
[WhiteFideId "13608207"]
[BlackFideId "14907526"]
[EventDate "2019.10.24"]

1. d4 Nf6 2. c4 e6 3. Nf3 d5 4. g3 dxc4 5. Bg2 Nc6 6. Qa4 Bd7 7. Qxc4 Bd6 8. Nc3
O-O 9. Bf4 Rb8 10. Ne5 b5 11. Qd3 Nb4 12. Qd2 Nbd5 13. Bg5 Nxc3 14. Qxc3 Be8 15.
O-O h6 16. Bxf6 Qxf6 17. b4 Qe7 18. Nd3 f6 19. e4 e5 20. dxe5 Bxe5 21. Nxe5 Qxe5
22. Qxe5 fxe5 23. Rfc1 Rf7 24. Rc5 Re7 25. Bf1 a6 26. Rd1 Bh5 27. Rd3 Rf8 28. f4
Bf7 29. f5 Bxa2 30. Ra3 Bb1 31. Bg2 Rd8 32. Rc1 Bd3 33. Rxa6 Rd4 34. f6 Rf7 35.
fxg7 Kxg7 36. Rac6 Bxe4 37. Rxc7 Rxb4 38. Bxe4 Rxe4 39. Rxf7+ Kxf7 40. Rc6 h5
41. Kf2 h4 42. Rc5 hxg3+ 43. hxg3 b4 44. Kf3 Rd4 1/2-1/2

[Event "22nd European Teams"]
[Site "Batumi GEO"]
[Date "2019.10.28"]
[Round "5.12"]
[Board "1"]
[White "Nedev, Trajko"]
[Black "Jobava, Baadur"]
[Result "0-1"]
[WhiteTitle "GM"]
[BlackTitle "GM"]
[WhiteElo "2500"]
[BlackElo "2617"]
[WhiteTeam "Republic of North Macedonia"]
[BlackTeam "Georgia"]
[WhiteFideId "15000605"]
[BlackFideId "13601520"]
[EventDate "2019.10.24"]

1. e4 c6 2. d4 d5 3. e5 Bf5 4. h4 h5 5. c4 e6 6. Nc3 Nh6 7. Bg5 Be7 8. Qd2 Nd7
9. cxd5 exd5 10. Nge2 Nf8 11. Ng3 Bg6 12. Bd3 Ne6 13. f4 Bxd3 14. Qxd3 g6 15.
Rf1 Ng7 16. e6 f5 17. O-O-O Ng4 18. Rde1 O-O 19. Nd1 Qd6 20. Bxe7 Qxe7 21. Nf2
Nxf2 22. Rxf2 Rae8 23. Rfe2 Qxh4 24. e7 Qxf4+ 25. Kb1 Rf7 26. Nf1 Qd6 27. Qe3 f4 0-1

[Event "22nd European Teams"]
[Site "Batumi GEO"]
[Date "2019.10.28"]
[Round "5.12"]
[Board "2"]
[White "Cheparinov, Ivan"]
[Black "Pancevski, Filip"]
[Result "1-0"]
[WhiteTitle "GM"]
[BlackTitle "IM"]
[WhiteElo "2670"]
[BlackElo "2490"]
[WhiteTeam "Georgia"]
[BlackTeam "Republic of North Macedonia"]
[WhiteFideId "2905540"]
[BlackFideId "15002187"]
[EventDate "2019.10.24"]

1. d4 Nf6 2. c4 g6 3. Nc3 Bg7 4. e4 d6 5. h3 O-O 6. Be3 Na6 7. Nf3 e5 8. d5 Nc5
9. Nd2 a5 10. Be2 Bd7 11. g4 c6 12. h4 a4 13. g5 Ne8 14. h5 Nc7 15. a3 cxd5 16.
exd5 N7a6 17. Kf1 Bf5 18. Bf3 Qc8 19. Rh4 Bd3+ 20. Kg2 f5 21. gxf6 Bxf6 22. Rg4
Bf5 23. Nde4 Nxe4 24. Nxe4 Bxg4 25. Bxg4 Qxc4 26. Nxd6 Qc7 27. Be6+ Kg7 28. Ne4
gxh5 29. Qxh5 Kh8 30. Rh1 Rg8+ 31. Kf3 Raf8 32. Bxg8 Kxg8 33. d6 Qf7 34. Qxf7+
Rxf7 35. Ke2 Bg7 36. Rg1 Kf8 37. Ng5 1-0

[Event "22nd European Teams"]
[Site "Batumi GEO"]
[Date "2019.10.28"]
[Round "5.12"]
[Board "3"]
[White "Nikolovski, Nikola"]
[Black "Pantsulaia, Levan"]
[Result "0-1"]
[WhiteTitle "IM"]
[BlackTitle "GM"]
[WhiteElo "2424"]
[BlackElo "2603"]
[WhiteTeam "Republic of North Macedonia"]
[BlackTeam "Georgia"]
[WhiteFideId "15002314"]
[BlackFideId "13602071"]
[EventDate "2019.10.24"]

1. e4 c5 2. Be2 Nc6 3. f4 d5 4. d3 e6 5. Nf3 Bd6 6. c3 Bc7 7. O-O Nge7 8. Na3
O-O 9. Qe1 Ng6 10. g3 a6 11. Nc2 b6 12. h4 Bb7 13. h5 Nge7 14. h6 gxh6 15. Ne3
d4 16. Nc2 f5 17. e5 b5 18. Rf2 Bb6 19. Rh2 Kg7 20. Qf1 Ng8 21. c4 bxc4 22. dxc4
Rf7 23. Bd3 Kh8 24. a3 Rg7 25. Kf2 Na5 26. Nd2 Rc8 27. b4 cxb4 28. axb4 Nxc4 29.
Nxc4 Rxc4 30. Bxc4 d3+ 31. Ne3 Qd4 32. Ra3 Qxc4 33. Rxd3 Qc2+ 34. Rd2 Bxe3+ 35.
Kxe3 Rxg3+ 36. Ke2 Qc4+ 37. Ke1 Qxc1+ 38. Rd1 Qc3+ 0-1

[Event "22nd European Teams"]
[Site "Batumi GEO"]
[Date "2019.10.28"]
[Round "5.12"]
[Board "4"]
[White "Quparadze, Giga"]
[Black "Lazov, Toni"]
[Result "1-0"]
[WhiteTitle "GM"]
[BlackTitle "FM"]
[WhiteElo "2457"]
[BlackElo "2393"]
[WhiteTeam "Georgia"]
[BlackTeam "Republic of North Macedonia"]
[WhiteFideId "13602250"]
[BlackFideId "15000770"]
[EventDate "2019.10.24"]

1. e4 c5 2. Nf3 d6 3. d4 Nf6 4. Nc3 cxd4 5. Nxd4 a6 6. g3 e5 7. Nb3 Be7 8. Bg2
O-O 9. O-O Be6 10. a4 Nbd7 11. Re1 Qb8 12. Nd2 Bd8 13. a5 b5 14. axb6 Bxb6 15.
Nf1 Ng4 16. Re2 Qa7 17. Be3 Nxe3 18. Nxe3 Nf6 19. h3 Rab8 20. Ncd5 Bxe3 21. Nxe3
Rb6 22. b3 Qc7 23. Rd2 Ra8 24. Ra4 Rc6 25. Kh2 Nd7 26. Nf5 Nb6 27. Ra2 Nc8 28.
Qg4 g6 29. Qg5 Ra7 30. Qf6 Bxf5 31. exf5 Rb6 32. fxg6 hxg6 33. Bd5 Qc3 34. Rd3
Qc5 35. Ra4 Rb4 36. Rxb4 Qxb4 37. Rf3 1-0

[Event "22nd European Teams"]
[Site "Batumi GEO"]
[Date "2019.10.28"]
[Round "5.13"]
[Board "1"]
[White "Nyback, Tomi"]
[Black "Papaioannou, Ioannis"]
[Result "0-1"]
[WhiteTitle "GM"]
[BlackTitle "GM"]
[WhiteElo "2565"]
[BlackElo "2645"]
[WhiteTeam "Finland"]
[BlackTeam "Greece"]
[WhiteFideId "503142"]
[BlackFideId "4201345"]
[EventDate "2019.10.24"]

1. d4 Nf6 2. c4 e6 3. Nf3 c5 4. d5 d6 5. Nc3 exd5 6. cxd5 g6 7. Bf4 a6 8. a4 Bg7
9. h3 O-O 10. e3 Ne8 11. Be2 b6 12. e4 Nd7 13. Qd2 Ne5 14. Nxe5 dxe5 15. Be3 f5
16. f3 Nd6 17. h4 Bd7 18. h5 f4 19. Bf2 g5 20. a5 bxa5 21. Bxc5 Qc7 22. Bf2 Rfb8
23. Na4 g4 24. Rc1 Qd8 25. Bh4 Qe8 26. Nc5 Rb4 27. h6 Bxh6 28. Bf6 Bg7 29. Bxg7
Kxg7 30. Nxd7 Qxd7 31. Rc6 Nf7 32. Qc3 Rab8 33. Rc7 Qd6 34. Rh4 Rxb2 35. Rxg4+
Kf8 36. Qxa5 h5 37. Rh4 Qg6 38. Qc5+ Kg8 39. Rc8+ Rxc8 40. Qxc8+ Kg7 0-1

[Event "22nd European Teams"]
[Site "Batumi GEO"]
[Date "2019.10.28"]
[Round "5.13"]
[Board "2"]
[White "Mastrovasilis, Dimitrios"]
[Black "Keinanen, Toivo"]
[Result "1/2-1/2"]
[WhiteTitle "GM"]
[BlackTitle "FM"]
[WhiteElo "2596"]
[BlackElo "2428"]
[WhiteTeam "Greece"]
[BlackTeam "Finland"]
[WhiteFideId "4202694"]
[BlackFideId "509825"]
[EventDate "2019.10.24"]

1. e4 e6 2. d4 d5 3. Nc3 Nf6 4. e5 Nfd7 5. f4 c5 6. Nf3 Nc6 7. Be3 cxd4 8. Nxd4
Qb6 9. a3 Nxd4 10. Bxd4 Bc5 11. Bxc5 Nxc5 12. Qd4 Nd7 13. Qxb6 Nxb6 14. Bd3 Bd7
15. b3 Ke7 16. Kd2 Bc6 17. Ne2 f6 18. b4 Raf8 19. Rhf1 Be8 20. exf6+ gxf6 21.
Rae1 Kd6 22. Nd4 Bd7 23. Nb3 e5 24. Nc5 Bc6 25. Rf2 h5 26. fxe5+ fxe5 27. Ref1
Rxf2+ 28. Rxf2 Nd7 29. Nxd7 Bxd7 30. Rf6+ Ke7 31. Rg6 Rf8 32. Rg7+ Kd6 33. Rg6+
Ke7 34. Rg7+ Kd6 35. Rg6+ 1/2-1/2

[Event "22nd European Teams"]
[Site "Batumi GEO"]
[Date "2019.10.28"]
[Round "5.13"]
[Board "3"]
[White "Sipila, Vilka"]
[Black "Banikas, Hristos"]
[Result "0-1"]
[WhiteTitle "IM"]
[BlackTitle "GM"]
[WhiteElo "2405"]
[BlackElo "2597"]
[WhiteTeam "Finland"]
[BlackTeam "Greece"]
[WhiteFideId "505455"]
[BlackFideId "4202031"]
[EventDate "2019.10.24"]

1. e4 c5 2. Nf3 d6 3. d4 cxd4 4. Nxd4 Nf6 5. Nc3 a6 6. Be3 Ng4 7. Bc1 Nf6 8. Be3
Ng4 9. Bg5 h6 10. Bh4 g5 11. Bg3 Bg7 12. Qd2 Nc6 13. Nb3 f5 14. exf5 Bxf5 15.
Bd3 Qd7 16. O-O O-O 17. Nd5 Bxd3 18. Qxd3 Qf5 19. Qc4 Kh8 20. Rad1 Rac8 21. f4
e6 22. Nc3 Ne3 23. Qe2 Nxf1 24. Kxf1 gxf4 25. Bf2 f3 26. gxf3 Qh3+ 27. Kg1 Be5
28. Bg3 Bxg3 29. hxg3 Qxg3+ 30. Qg2 Qxf3 31. Qxf3 Rxf3 32. Rxd6 Rg8+ 33. Kh2 Rf5
34. Rd3 Ne5 35. Rg3 Rf2+ 36. Kh3 Rxc2 37. Re3 Ng6 38. Kg3 Rxb2 39. Nc5 Ne7+ 40.
Kf4 Nd5+ 41. Nxd5 exd5 42. Ne6 Re8 43. Ke5 Rb6 44. Kxd5 Rbxe6 45. Rxe6 Rxe6 46.
Kxe6 Kg7 0-1

[Event "22nd European Teams"]
[Site "Batumi GEO"]
[Date "2019.10.28"]
[Round "5.13"]
[Board "4"]
[White "Halkias, Stelios"]
[Black "Koykka, Pekka"]
[Result "1-0"]
[WhiteTitle "GM"]
[BlackTitle "FM"]
[WhiteElo "2530"]
[BlackElo "2381"]
[WhiteTeam "Greece"]
[BlackTeam "Finland"]
[WhiteFideId "4201809"]
[BlackFideId "504319"]
[EventDate "2019.10.24"]

1. Nf3 d5 2. d4 Nf6 3. c4 c6 4. Qb3 dxc4 5. Qxc4 Bf5 6. g3 e6 7. Nbd2 Nbd7 8.
Bg2 Nb6 9. Qb3 Be7 10. O-O O-O 11. e3 a5 12. a4 h6 13. Ne5 Rb8 14. e4 Bh7 15.
Qe3 Nfd7 16. Nxd7 Nxd7 17. Nc4 Bb4 18. Bd2 Bxd2 19. Qxd2 Ra8 20. Rfd1 Qc7 21.
Qc3 Nf6 22. Re1 Rfd8 23. Rad1 Bg6 24. h3 Bh7 25. Bf3 Rdc8 26. b3 Rd8 27. h4 Rdc8
28. h5 Rd8 29. Rc1 Rdc8 30. Qe3 Re8 31. Red1 Qb8 32. Kg2 Rd8 33. Re1 Qa7 34.
Rcd1 b5 35. Ne5 Qb6 36. Rd2 Rac8 37. Rc1 Rc7 38. Rdc2 bxa4 39. Rxc6 Rxc6 40.
Nxc6 Re8 41. bxa4 Qb2 42. Rc5 Qb1 43. Rc1 Qa2 44. Nxa5 Qxa4 45. Nc4 Rd8 46. e5
Ne8 47. Nb6 Qxd4 48. Qxd4 Rxd4 49. Rc8 Kf8 50. Bc6 Be4+ 51. Bxe4 Rxe4 52. Nc4
Rxc4 53. Rxc4 f6 54. f4 Kf7 55. Ra4 1-0

[Event "22nd European Teams"]
[Site "Batumi GEO"]
[Date "2019.10.28"]
[Round "5.14"]
[Board "1"]
[White "Andersen, Mads"]
[Black "Kovalev, Vladislav"]
[Result "1/2-1/2"]
[WhiteTitle "GM"]
[BlackTitle "GM"]
[WhiteElo "2601"]
[BlackElo "2661"]
[WhiteTeam "Denmark"]
[BlackTeam "Belarus"]
[WhiteFideId "1413864"]
[BlackFideId "13504398"]
[EventDate "2019.10.24"]

1. d4 Nf6 2. c4 e6 3. Nf3 d5 4. g3 Be7 5. Bg2 O-O 6. Nc3 Nbd7 7. Qd3 a6 8. Bf4
c5 9. cxd5 Nxd5 10. Nxd5 exd5 11. dxc5 Nxc5 12. Qc2 Qa5+ 13. Bd2 Qa4 14. Qxa4
Nxa4 15. b3 Nc5 16. Bg5 Bd6 17. O-O Ne4 18. Bc1 Be6 19. Bb2 Rfc8 20. Rac1 Rxc1
21. Rxc1 Rc8 22. Rxc8+ Bxc8 23. Kf1 f6 24. e3 Kf7 25. Ke2 Bg4 26. h3 Bd7 27. Nd4
h5 28. Bf3 g6 29. Bg2 Ke7 30. Kf1 Kf7 1/2-1/2

[Event "22nd European Teams"]
[Site "Batumi GEO"]
[Date "2019.10.28"]
[Round "5.14"]
[Board "2"]
[White "Zhigalko, Sergei"]
[Black "Hansen, Sune Berg"]
[Result "1/2-1/2"]
[WhiteTitle "GM"]
[BlackTitle "GM"]
[WhiteElo "2574"]
[BlackElo "2573"]
[WhiteTeam "Belarus"]
[BlackTeam "Denmark"]
[WhiteFideId "13502956"]
[BlackFideId "1400266"]
[EventDate "2019.10.24"]

1. e4 e5 2. Nf3 Nf6 3. Nxe5 d6 4. Nf3 Nxe4 5. d4 d5 6. Bd3 Be7 7. O-O Nc6 8. Nc3
Bf5 9. Re1 Nxc3 10. bxc3 Bxd3 11. Qxd3 O-O 12. Rb1 Rb8 13. c4 dxc4 14. Qxc4 Bd6
15. Qa4 Qd7 16. c4 b6 17. Qc2 Rfe8 18. Be3 h6 19. h3 Rbd8 20. Red1 Bf8 21. Bf4
Bd6 22. Be3 Bf8 23. Bf4 Bd6 24. Be3 Bf8 1/2-1/2

[Event "22nd European Teams"]
[Site "Batumi GEO"]
[Date "2019.10.28"]
[Round "5.14"]
[Board "3"]
[White "Bjerre, Jonas Buhl"]
[Black "Stupak, Kirill"]
[Result "1-0"]
[WhiteTitle "IM"]
[BlackTitle "GM"]
[WhiteElo "2506"]
[BlackElo "2551"]
[WhiteTeam "Denmark"]
[BlackTeam "Belarus"]
[WhiteFideId "1444948"]
[BlackFideId "13503758"]
[EventDate "2019.10.24"]

1. d4 Nf6 2. c4 e6 3. Nf3 Bb4+ 4. Bd2 Qe7 5. g3 Nc6 6. Bg2 Bxd2+ 7. Qxd2 Ne4 8.
Qc2 Qb4+ 9. Kf1 d5 10. e3 Qxc4+ 11. Qxc4 dxc4 12. Nbd2 Nd6 13. Ne5 Ne7 14. Rc1
Bd7 15. Ndxc4 Nxc4 16. Nxc4 Bc6 17. Na5 Bxg2+ 18. Kxg2 O-O-O 19. b4 Rd5 20. Rc2
b6 21. Nc4 f6 22. Rhc1 Kb8 23. a4 Rhd8 24. b5 Rc8 25. Nb2 a5 26. bxa6 Ra5 27.
Rc4 Rxa6 28. Nd3 g5 29. h4 gxh4 30. gxh4 Ra5 31. Kf3 Nf5 32. Nb4 Kb7 33. Nc6
Raa8 34. a5 Nxh4+ 35. Ke2 Nf5 36. R4c2 Re8 37. Nb4 Re7 38. a6+ Kc8 39. Rc6 Kd8
40. d5 Ng7 41. d6 cxd6 42. Rxb6 Ke8 43. Nc6 Rd7 44. Rcb1 1-0

[Event "22nd European Teams"]
[Site "Batumi GEO"]
[Date "2019.10.28"]
[Round "5.14"]
[Board "4"]
[White "Zarubitski, Viachaslau"]
[Black "Schandorff, Lars"]
[Result "1-0"]
[WhiteTitle "IM"]
[BlackTitle "GM"]
[WhiteElo "2435"]
[BlackElo "2496"]
[WhiteTeam "Belarus"]
[BlackTeam "Denmark"]
[WhiteFideId "13509373"]
[BlackFideId "1400070"]
[EventDate "2019.10.24"]

1. e4 c6 2. d4 d5 3. Nc3 dxe4 4. Nxe4 Nf6 5. Nxf6+ exf6 6. Bc4 Bd6 7. Qf3 O-O 8.
Be3 Na6 9. c3 Nc7 10. Ne2 Re8 11. O-O Be6 12. Bxe6 fxe6 13. c4 Qd7 14. Rfd1 a5
15. Nc3 Qf7 16. Rac1 Rad8 17. g3 Rd7 18. Na4 Rdd8 19. Nc3 Rd7 20. Na4 Rdd8 21.
Bd2 Ra8 22. Qb3 b5 23. cxb5 Nxb5 24. Be3 Ra6 25. Rd2 Rb8 26. Qc4 Nc7 27. b3 Qe8
28. Re2 Kh8 29. Bd2 Qh5 30. Nc3 Rba8 31. Rce1 h6 32. Re4 Bb4 33. R1e2 Bxc3 34.
Qxc3 a4 35. bxa4 Rb6 36. a5 Rb1+ 37. Re1 Rxe1+ 38. Rxe1 Qd5 39. a4 Ne8 40. Rc1
Rc8 41. a6 Nd6 42. a7 Ne4 43. Qxc6 Ra8 44. Qxd5 exd5 45. Bf4 Rxa7 46. f3 Ng5 47.
Bxg5 hxg5 48. Ra1 Ra5 49. Kf2 Kg8 50. Ke3 Kf7 51. Kd3 Ke6 52. Kc3 Kd6 53. Kb4
Ra8 54. a5 Rb8+ 55. Kc3 Rc8+ 56. Kd3 Rh8 57. a6 Kc7 58. a7 Kb7 59. a8=Q+ Rxa8
60. Rxa8 Kxa8 61. Kc3 Kb7 62. Kb4 Kb6 63. f4 gxf4 64. gxf4 f5 65. h3 Kc6 66. h4 1-0

[Event "22nd European Teams"]
[Site "Batumi GEO"]
[Date "2019.10.28"]
[Round "5.15"]
[Board "1"]
[White "Hovhannisyan, Mher"]
[Black "Pultinevicius, Paulius"]
[Result "1/2-1/2"]
[WhiteTitle "GM"]
[BlackTitle "IM"]
[WhiteElo "2439"]
[BlackElo "2503"]
[WhiteTeam "Belgium"]
[BlackTeam "Lithuania"]
[WhiteFideId "13300865"]
[BlackFideId "12809390"]
[EventDate "2019.10.24"]

1. d4 Nf6 2. c4 g6 3. f3 c5 4. d5 b5 5. cxb5 Bg7 6. e4 O-O 7. Ne2 a6 8. Nec3 d6
9. a4 axb5 10. Bxb5 Na6 11. Na3 Nc7 12. Bg5 h6 13. Be3 Nxb5 14. axb5 e6 15. O-O
exd5 16. exd5 Re8 17. Nc4 Rxa1 18. Qxa1 Bf5 19. Qd1 Nd7 20. g4 Nb6 21. Nxb6 Qxb6
22. gxf5 Rxe3 23. fxg6 f5 24. Re1 c4 25. Kg2 Be5 26. f4 Rd3 27. Qh5 Rd2+ 28. Re2
Bxc3 29. Rxd2 Bxd2 30. Qxf5 Qb7 31. Qe6+ Kg7 32. f5 Bg5 33. b6 Bd8 34. Qxd6 Qxb6
35. Qd7+ Kf6 36. Qc6+ Qxc6 37. dxc6 Bc7 38. h3 Be5 39. Kf3 Ke7 40. Ke4 Bxb2 41.
Kd5 Bf6 42. Kxc4 Kd6 43. Kb5 Bd4 44. Kc4 Bf6 45. Kb5 Bd4 46. Kc4 Bf6 1/2-1/2

[Event "22nd European Teams"]
[Site "Batumi GEO"]
[Date "2019.10.28"]
[Round "5.15"]
[Board "2"]
[White "Laurusas, Tomas"]
[Black "Dardha, Daniel"]
[Result "0-1"]
[WhiteTitle "IM"]
[BlackTitle "FM"]
[WhiteElo "2501"]
[BlackElo "2433"]
[WhiteTeam "Lithuania"]
[BlackTeam "Belgium"]
[WhiteFideId "12803731"]
[BlackFideId "240990"]
[EventDate "2019.10.24"]

1. d4 Nf6 2. c4 e6 3. Nf3 Bb4+ 4. Bd2 Qe7 5. g3 Nc6 6. Nc3 Bxc3 7. Bxc3 Ne4 8.
Qc2 Nxc3 9. Qxc3 Qb4 10. Qxb4 Nxb4 11. Kd2 b6 12. Kc3 Nc6 13. Bg2 Bb7 14. Nd2
O-O-O 15. Rhe1 d6 16. b4 e5 17. d5 Ne7 18. b5 Kb8 19. a4 Bc8 20. a5 f5 21. Ra3
Bd7 22. f4 exf4 23. gxf4 Rde8 24. axb6 cxb6 25. Rea1 Nc8 26. Kd3 h6 27. h4 Rhg8
28. h5 g5 29. hxg6 Rxg6 30. Bf3 Rg3 31. Rh1 Rh8 32. Ke3 Ne7 33. Nb3 h5 34. Nd4
h4 35. Nc6+ Bxc6 36. dxc6 a5 37. Kf2 Kc7 38. Re3 Rg7 39. Rg1 Rhh7 40. Rd1 Ng6
41. Re8 Nxf4 42. Ra8 Nh3+ 43. Ke3 Re7+ 44. Kd2 Ng5 45. Rg1 Rhg7 46. Kc2 h3 47.
c5 dxc5 48. Ra7+ Kd6 49. Rd1+ Ke6 50. Bd5+ Kf6 51. Rb7 Rxe2+ 52. Rd2 Rxd2+ 53.
Kxd2 h2 54. Bh1 Ne6 55. Rxb6 Ke5 56. Rb8 Rg1 57. b6 Rxh1 58. Rh8 Kd6 59. c7 Nxc7
60. Rh6+ Ne6 0-1

[Event "22nd European Teams"]
[Site "Batumi GEO"]
[Date "2019.10.28"]
[Round "5.15"]
[Board "3"]
[White "Beukema, Stefan"]
[Black "Brazdzionis, Andrius"]
[Result "1-0"]
[WhiteTitle "IM"]
[WhiteElo "2380"]
[BlackElo "2355"]
[WhiteTeam "Belgium"]
[BlackTeam "Lithuania"]
[WhiteFideId "1024523"]
[BlackFideId "12804479"]
[EventDate "2019.10.24"]

1. e4 c5 2. Nf3 d6 3. d4 cxd4 4. Nxd4 Nf6 5. Nc3 a6 6. h3 e6 7. g4 Be7 8. Bg2
Nfd7 9. O-O Nc6 10. Be3 O-O 11. a4 Nde5 12. b3 Nxd4 13. Qxd4 Qc7 14. Qd2 Bd7 15.
f4 Nc6 16. Ne2 b5 17. a5 Rfc8 18. g5 Bd8 19. Rfd1 Be7 20. c4 Be8 21. Bb6 Qb8 22.
cxb5 axb5 23. b4 Ra6 24. Rdc1 Rxb6 25. axb6 Qxb6+ 26. Kf1 Rd8 27. h4 d5 28. exd5
exd5 29. Ng3 d4 30. Nf5 Bf8 31. Rab1 g6 32. Nh6+ Kh8 33. Bxc6 Bxc6 34. Nxf7+ Kg8
35. Nxd8 Bd5 36. Rc8 Qd6 37. Kf2 Be4 38. Re1 Bf5 39. Qa2+ Kg7 40. Qf7+ Kh8 41.
Ne6 1-0

[Event "22nd European Teams"]
[Site "Batumi GEO"]
[Date "2019.10.28"]
[Round "5.15"]
[Board "4"]
[White "Klabis, Rokas"]
[Black "Lenaerts, Lennert"]
[Result "1/2-1/2"]
[WhiteTitle "FM"]
[BlackTitle "FM"]
[WhiteElo "2321"]
[BlackElo "2333"]
[WhiteTeam "Lithuania"]
[BlackTeam "Belgium"]
[WhiteFideId "12805246"]
[BlackFideId "211435"]
[EventDate "2019.10.24"]

1. e4 e5 2. Nf3 Nc6 3. Nc3 Nf6 4. a3 d5 5. Bb5 Nxe4 6. Qe2 Qd6 7. Nxe4 dxe4 8.
Qxe4 Bd7 9. d4 f5 10. Qe2 e4 11. Bxc6 Bxc6 12. Ne5 Qe6 13. Nxc6 Qxc6 14. Bf4
O-O-O 15. c3 Bd6 16. Qe3 h6 17. h4 g5 18. Bxd6 Qxd6 19. hxg5 hxg5 20. O-O-O Qg6
21. g3 Rhf8 22. d5 Kb8 23. Rhg1 Rfe8 24. c4 Qf6 25. Rge1 f4 26. gxf4 gxf4 27.
Qd4 Qf5 28. Re2 c6 29. d6 c5 30. Qg7 Rd7 31. Rxe4 Qxe4 32. Qxd7 Qxc4+ 33. Kb1
Qe4+ 34. Ka1 Qc6 35. Qf7 f3 36. d7 Rd8 37. Qf4+ Qc7 38. Qf5 a6 39. Ka2 c4 40.
Qxf3 Rxd7 41. Qf8+ Qc8 42. Qxc8+ Kxc8 43. Rxd7 Kxd7 44. a4 b6 45. Ka3 a5 46. b3
Kd6 47. bxc4 Kc5 48. Kb3 Kd4 49. f4 Ke4 50. Kc3 Kxf4 51. Kd4 Kf3 52. Kd5 Ke3 53.
Kc6 Kd3 54. Kb5 Kd4 55. Kxb6 Kxc4 56. Kxa5 1/2-1/2

[Event "22nd European Teams"]
[Site "Batumi GEO"]
[Date "2019.10.28"]
[Round "5.16"]
[Board "1"]
[White "Vocaturo, Daniele"]
[Black "Iordachescu, Viorel"]
[Result "1/2-1/2"]
[WhiteTitle "GM"]
[BlackTitle "GM"]
[WhiteElo "2620"]
[BlackElo "2602"]
[WhiteTeam "Italy"]
[BlackTeam "Moldova"]
[WhiteFideId "813192"]
[BlackFideId "13900200"]
[EventDate "2019.10.24"]

1. e4 e5 2. Nf3 Nc6 3. Bc4 Bc5 4. O-O Nf6 5. d3 d6 6. c3 Bb6 7. Bb3 Ne7 8. Nbd2
c6 9. Re1 Ng6 10. Nf1 O-O 11. Ng3 h6 12. h3 d5 13. exd5 Nxd5 14. d4 exd4 15.
Nxd4 Kh8 16. Qd3 Ndf4 17. Qf3 Bc7 18. Bxf4 Nxf4 19. Rad1 Qg5 20. Bc2 g6 21. Ne4
Qe5 22. Ng3 Qg5 23. Ne4 Qe5 24. Ng3 Qg5 1/2-1/2

[Event "22nd European Teams"]
[Site "Batumi GEO"]
[Date "2019.10.28"]
[Round "5.16"]
[Board "2"]
[White "Macovei, Andrei"]
[Black "Valsecchi, Alessio"]
[Result "0-1"]
[WhiteTitle "IM"]
[BlackTitle "GM"]
[WhiteElo "2426"]
[BlackElo "2504"]
[WhiteTeam "Moldova"]
[BlackTeam "Italy"]
[WhiteFideId "13904680"]
[BlackFideId "818860"]
[EventDate "2019.10.24"]

1. e4 e5 2. Nf3 Nc6 3. Bc4 Nf6 4. d3 h6 5. O-O d6 6. a4 g6 7. a5 a6 8. c3 Bg7 9.
Nbd2 O-O 10. Re1 Kh7 11. Qb3 Nd7 12. Nf1 Nc5 13. Qc2 Ne6 14. Ng3 Ne7 15. h4 c6
16. Be3 f5 17. h5 f4 18. hxg6+ Nxg6 19. Bb6 Qd7 20. Nf5 d5 21. Bb3 Ng5 22. Nxg5+
hxg5 23. d4 f3 24. gxf3 Qf7 25. f4 Nxf4 26. f3 Qh5 27. Qh2 Nh3+ 28. Kg2 g4 29.
fxg4 Qxg4+ 30. Qg3 Bxf5 31. exf5 Nf4+ 32. Kf2 Nd3+ 33. Kg2 Nxe1+ 34. Rxe1 Qxg3+
35. Kxg3 Rxf5 36. Bc2 e4 37. Rxe4 dxe4 38. Bxe4 Kg6 39. Kg4 Rf8 40. Bc5 Rf6 41.
Be7 Kf7 42. Bxf5 Kxe7 43. Bc8 Rf2 44. Bxb7 Rxb2 45. Bxa6 Rb3 0-1